Vývoj verejných dlhov a cien štátnych dlhopisov krajín V4 bakalárska práca

Gespeichert in:
Bibliographische Detailangaben
1. Verfasser: Bednárik, Ján
Körperschaft: Fakulta podnikového manažmentu EU. Katedra podnikových financií
Weitere Verfasser: Bikár, Miloš, 1973-
Format: Buch
Sprache:Slowakisch
Veröffentlicht: Bratislava 2024
Tags: Tag hinzufügen
Keine Tags, Fügen Sie das erste Tag hinzu!

MARC

LEADER 00000nbm a2200000 4500
001 0301949
005 20250224105218.7
041 0 |a slo 
044 |a SK 
245 1 0 |a Vývoj verejných dlhov a cien štátnych dlhopisov krajín V4  |b bakalárska práca  |c Ján Bednárik ; školiteľ: Miloš Bikár 
264 1 |a Bratislava  |c 2024 
300 |a 53 s. 
100 1 |a Bednárik, Ján 
700 1 |a Bikár, Miloš, 1973- 
710 2 |a Fakulta podnikového manažmentu EU. Katedra podnikových financií